00772cam a22002411 4500001001300000003000400013005001700017008004100034010001700075025001900092040001800111050002000129100004000149245004800189250001400237260008500251300001900336350001100355600004100366600005100407600005500458999001700513sa 68003415 DLC20260227112452.0710903s1965 ii 000 0 eng  asa 68003415  aPL480:I-E-9326 aDLCcDLCdDLC00aPL4758.A56bV471 aRaghavan, Thevur Subramanya,d1897-10aMakers of modern Tamil,cby T. S. Raghavan. a[1st ed.] aTirunelveli,bSouth India Saiva Siddhanta Works Pub. Society, Tinnevelly,c1965. a131 p.c19 cm. aRs3.5000aMar̲aimalaiyaṭikaḷ,d1876-1950.10aCuppiramaṇiya Piḷḷai, Kā.,d1888-1945.10aKaliyāṇacuntaran̲ār, Tiru. Vi.,d1883-1953. c79469d79469